LEGO Marvel Superheroes: All Characters - Statistics

General Stats
  • This quiz has been taken 581 times
  • The average score is 92 of 159
Answer Stats
Characters % Correct
Hulk
99%
Captain America
96%
Red Hulk
96%
Spider-Man
96%
She-Hulk
95%
Black Widow
91%
Iron Man (Hulkbuster)
91%
Iron Man (Mark 1)
91%
Iron Man (Mark 42)
91%
Iron Man (Mark 6)
91%
Iron Man (Mark 7)
91%
Thor
91%
Iron Man (Heartbreaker)
90%
Iron Man (Heroic Age)
90%
Captain America (Classic)
89%
Excelsior Hulk
89%
Hawkeye
89%
Superior Spider-Man
89%
Wolverine
89%
Spider-Man (F.F.)
88%
Mister Fantastic
86%
Human Torch
84%
Thing
84%
Thor (Classic)
84%
Magneto
83%
Deadpool
82%
Loki
82%
Venom
82%
Wolverine (Cowl)
82%
Cyclops
81%
Mister Fantastic (F.F.)
81%
Nick Fury
81%
Invisible Woman
78%
Star-Lord
77%
Thing (F.F.)
77%
Doctor Octopus
76%
Magneto Acolyte
76%
Cyclops (Astonishing)
75%
Doctor Doom
75%
Green Goblin
75%
Jean Grey
75%
Venom (Big)
75%
Beast
74%
Black Panther
74%
Gamora
73%
Groot
73%
Iceman
73%
Abomination
72%
Galactus
72%
Invisible Woman (F.F.)
72%
Rocket Raccoon
71%
Sandman
71%
Carnage
70%
Professor X
70%
Storm
70%
Doctor Octopus (Ultimate)
69%
Doctor Strange
69%
Green Goblin (Ultimate)
69%
Ant-Man
68%
Daredevil
67%
Drax
67%
Sandman Goon
67%
Silver Surfer
65%
Stan Lee
65%
Electro
64%
Maria Hill
64%
Red Skull
64%
Wasp
64%
Agent Coulson
63%
Tony Stark
63%
Mystique
62%
Bruce Banner
60%
Iron Fist
59%
Electro (Ultimate)
58%
War Machine
58%
Colossus
57%
Lizard
57%
Tony Stark (Underwear)
57%
Peter Parker
56%
Aunt May
55%
Vulture
55%
Elektra
54%
Juggernaut
54%
Kingpin
53%
Ms. Marvel
53%
Mandarin
52%
Phoenix
52%
Rhino
52%
Emma Frost
51%
Ghost Rider
51%
Mary Jane Watson
51%
Sabretooth
51%
Punisher
50%
M.O.D.O.K.
49%
Mysterio
49%
Gambit
48%
J. Jonah Jameson
48%
Kingpin Henchman
48%
Whiplash
48%
Captain Britain
47%
Mandarin (Film)
47%
Howard the Duck
46%
Toad
46%
Gwen Stacy
45%
Pyro
45%
Spider-Woman
45%
Black Bolt
44%
Blade
44%
Nova
44%
Pepper Potts
44%
Bullseye
43%
Shocker
43%
Leader
42%
Power Man
42%
A.I.M. Agent
41%
Aldrich Killian
41%
Archangel
41%
Dormammu
41%
Moon Knight
41%
Heimdall
40%
S.H.I.E.L.D. Agent
40%
Absorbing Man
39%
Black Cat
39%
Kraven the Hunter
39%
Iron Patriot
38%
Malekith
38%
Squirrel Girl
38%
Arnim Zola
37%
Blob
37%
Hydra Agent
35%
Ronan the Accuser
35%
Wizard
35%
Doombot
34%
Kurse
34%
Frost Giant
33%
Mastermind
33%
Doombot (V-Series)
32%
Laufey
32%
Psylocke
32%
Rescue
32%
Taskmaster
32%
Beetle
31%
Curt Connors
31%
Mini Sentinel
31%
Super Skrull
31%
Symbiote Scientist
31%
Havok
30%
Symbiote Scientist (Hazmat)
30%
Nightmare
29%
Polaris
28%
Silver Samurai
28%
Destroyer (MiniFig)
27%
Liberty
27%
Viper
23%
Damage Control
22%
General Ross
22%
H.E.R.B.I.E.
22%
Union Jack
21%
Roxxon Guard
16%
No matching quizzes found
Score Distribution
Percent of People with Each Score
Percentile by Number Answered
Your Score History
You have not taken this quiz